| 000 | 01106nam a22002775a 4500 | ||
|---|---|---|---|
| 005 | 20171104131142.0 | ||
| 008 | 171104s2016 ii a frb 001 0 eng d | ||
| 020 | _a9789385915277 | ||
| 040 |
_aEG-ScBUE _beng _cEG-ScBUE |
||
| 082 | 0 | 4 |
_a612 _bJOH _222 |
| 100 | 1 | _aJohn, NA. | |
| 245 | 1 | 0 |
_aPractical anatomy and physiology for pharmacy students / _cNA John. |
| 246 | 3 |
_aPractical anatomy and physiology for pharmacy students : _btext and viva voce, questions and answers |
|
| 250 | _a1st ed. | ||
| 260 |
_aNew Delhi : _bCBS Publishers & Distributors pvt ltd., _c2016. |
||
| 300 |
_aviii, 168 p. : _bill. (col.) ; _c24 cm. |
||
| 500 | _aon T. P. "Covers the curriculums recommended by Indian and international health universities for undergraduate and postgraduate courses in pharmacy." | ||
| 504 | _aIncludes bibliographical references and index. | ||
| 650 | 7 |
_aHuman physiology. _2BUEsh |
|
| 650 | 7 |
_aHuman anatomy. _2BUEsh |
|
| 650 | 7 |
_aHuman physiology _vExaminations, questions, etc. _2BUEsh |
|
| 651 | _2BUEsh | ||
| 653 |
_bPPhrm _cNovember2017 |
||
| 655 |
_vText book _933728 |
||
| 942 | _2ddc | ||
| 999 |
_c25538 _d25510 |
||